000 00760nam a2200277Ia 4500
003 OSt
005 20221007102327.0
006 a|||||r|||| 00| 0
007 ta
008 221006b |||||||| |||| 00| 0 eng d
020 _a8180380084
024 _a10,051
037 _cTextual
040 _aLCO
_cLCO
_beng
041 _2eng
_aeng
082 _aX81:(Z), P2
100 _aMurthy K.S.N. Au.
_9683778
245 0 _aModern Law of Insurance
250 _a4th
260 _aNew
_bDelhi Lexis, Nexis Butterwroths India
_c2002
300 _a605
650 _aModern Law of Insurance
_9704400
700 _a Sharma K.V.S. Au.
_9704401
942 _hX81:(Z), P2
_cTEXL
999 _c1179614
_d1179614